000 00764nam a22002297a 4500
999 _c9738
_d9738
003 AR-CdUCM
008 190328b ||||| |||| 00| 0 spa d
040 _aMUNICIPALIDAD PROVINCIAL DEL CUSCO
_cBIBLIOTECA MUNICIPAL DEL CUSCO
041 _heng
082 _a340.2 /
_bT13 / 1944
100 _aTaft, Henry W.
_926155
245 _aCuriosidades Legales :
_bAspectos de la Vida Judicial de los Estados Unidos /
260 _aBuenos Aires :
_bGuillermo Kraft Ltda. ;
_c1944.
300 _a248 páginas ;
_c23cm
440 _aBiblioteca de Difusión Cultural
_9463
505 _aContenido: Vida jurídica
650 _aDerecho
_9739
650 _aEstados Unidos
_92115
700 _aPayro, Julio E. (traducción)
_926156
942 _2ddc
_cLIBROS
945 _anom